00828nam a2200217 a 450000100100000000500170001000800410002702000150006804000250008310000350010824500570014326000550020030000280025549000460028349000340032950400300036383000540039383000410044795201050048899900170059300004253820201002040224.0131211s1996 sp a 000 0 spa d a8437614333 aDO-SdBNPbspacBNPHU1 aÉvora, José Antonio96976410aTomás Gutiérrez Alea. /cJosé Antonio Évora. aMadrid, :bCátedrabFilmoteca Española,c1996. a254 p. :bil. ;c18 cm.1 aSigno e imagen,Cineastas Latinoamericanos1 aSigno e imagen, Cineastasv28 aBibliografía p: 239-252 0aSigno e imagenpCineastas Latinoamericanos969765 0aSigno e imagenpCineastasv28969766 001050718MOaGRbGRcCTd2013-12-11iLF1l0o p42538-10r2020-06-25w2020-06-25y1ZNo se presta c42027d42027